00885cam a22002411 450000100060000000300080000600500170001400800390003103500190007003500180008904000410010704100080014808200210015610000230017724501990020026000490039930000490044850400190049765000320051665100370054865100340058570000240061925705BD-RjUL20211209050921.0140319s1955 enkab b 001 0 eng a(BD-RjUL)25775 a(OCoLC)400886 aDLCcOWibfUdODaWUdNNdUkdDLCbeng aeng a916.69bBUL 19551 aBuchanan, Keith M.10aLand and people in Nigeria:bthe human geography of Nigeria and its environmental background c[ K. M. Buchanan and J. C. Pugh, with a contribution by A. Brown and a foreword by L. Dudley Stamp. aLondon :bUniversity of London Press ,c1955 axii, 252 p. :bill., maps, charts. ;c26 cm. aIncludes index 0aNatural resourceszNigeria. 0aNigeriaxDescription and travel. 0aNigeriaxEconomic conditions.1 aPugh, John Charles.